000 00696nam a2200205Ii 4500
003 JO-AjNU
008 230605s9999||||xx |||||||||||||| ||und||
017 _a1975/314
040 _aJO-AjNU
_bara
_erda
_cJO-AjNU
041 _aara
050 1 4 _aK5401.1975
100 3 _aد،م,
_eauthor
_946668
245 0 0 _aالمحاماة: قانون الإجراءات الجنائية والقوانين والقرارات المكملة له
264 3 1 _aد،م: د،ن، 1975
300 _a256ص
336 _atext
_btxt
_2rdacontent
337 _aunmediated
_bn
_2rdamedia
338 _avolume
_bnc
_2rdacarrier
650 4 _aالمحاماه -- قانون الإجراءات الجنائية
_946669
999 _aA20320
_c23888
_d23888